000
00247cam a2200097ua 4500
999
_c
5213
_d
5213
003
OSt
008
200623b ||||| |||| 00| 0 eng d
100
_a
C.C Ouseph
_9
4620
245
_a
Text book of practical physics for the pre-degree course
942
_c
BK